Classifica Marcatori Fiorentina All-Time - Statistics

Statistiche generali
  • Questo quiz è stato fatto 77 volte
  • Il punteggio medio è 4 su 10
Statistiche sulle risposte
Gol Nazione Calciatore % Corretto
203 Argentina Gabriel Batistuta
100%
69 Romania Adrian Mutu
89%
203 Svezia Kurt Hamrin
67%
72 Italia Giancarlo Antognoni
59%
63 Italia Alberto Gilardino
56%
59 Italia Christian Riganó
24%
77 Argentina / Italia Miguel Montuori
17%
59 Italia Giuseppe Virgili
11%
58 Italia Claudio Desolati
8%
61 Italia Alberto Galassi
3%
Nessun quiz corrispondente trovato
Distribuzione punteggi
Percentuale di utenti per punteggio
Percentile per numero di risposta
I tuoi punteggi nel tempo
Non hai fatto questo quiz